000 01554nam a2200373 i 4500
001 000038613
003 DO-SdBNP
005 20240912102207.0
007 ta
008 130416s1988 000 spa d
040 _aDO-SdBNP
_bspa
_cBNPHU
_erda
082 4 _a248.4
_bC796d
_222
100 1 _aCórdoba, Pedro de,
_964941
_eautor
_4aut.
_qFray
245 1 0 _aDoctrina cristiana y cartas /
_cPedro de Córdoba ; edición, Andrés Blanco Díaz ; prefacio, Emilio Rodríguez Demorizi.
264 _aSanto Domingo :
_bEdiciones de la Fundación Corripio. INC.,
_c1988.
300 _a198 páginas ;
_c23 cm.
336 _atexto
_btxt
_2rdacontent
337 _asin mediación
_bn
_2rdamedia
338 _avolumen
_bnc
_2rdacarrier
490 1 _aBiblioteca de Clásicos Dominicanos
_a Los Precursores ; 3
_v3
500 _aIncluye transcripción del texto original.
500 _aIncluye referencias bibliográficas y notas al pie de las páginas
590 _aInventariado, 2020/VM
600 1 4 _aCórdoba, Pedro de,
_d1482-1521.
_xCrítica e interpretación.
_976684
650 4 _aCatecismos
_xHistoria y crítica
_zEspaña.
_976686
650 4 _aMisiones indígenas
_xHistoria
_ySiglo XVI.
_zAmérica Latina
_976687
650 4 _aTeología pastoral
_x
_ySiglo XVI
_zAmérica Latina
_976688
700 1 _aBlanco Díaz, Andrés,
_eeditor
_9172
_4ed.
700 1 _aRodríguez Demorizi, Emilio,
_d1908-1986
_epref.acio
_91039
_4pref.
710 2 _aFundación Corripio (República Dominicana)
_976679
910 _aVMateo
942 _2ddc
_cLBS1
956 _a
999 _c38103
_d38103